| 000 | 00489nam a2200181Ia 4500 | ||
|---|---|---|---|
| 008 | 180921t1978 xxu||||| |||| 00| 0 eng d | ||
| 041 | _aeng | ||
| 080 |
_a(x)659.3:(x)016 _bGOO |
||
| 100 | _aGoonetileke, H.A.I. | ||
| 245 | _aMass communication in Sri lanka | ||
| 260 |
_bAsian mass communication _c1978 |
||
| 300 | _a77p., 22 cm | ||
| 700 |
_aDe Fontgalland, Guy _eed. |
||
| 700 |
_aEspejo,Cristina _eed. |
||
| 942 | _cBK | ||
| 999 |
_c12707 _d12707 |
||
| 003 | LK-CoDNM | ||
| 040 |
_aLK-CoDNM _dLK-CoDNM _eLK-CoDNM |
||